[Event "Stay Safe Play From Home 164"]
[Site "T#646228Emanuel Laske"]
[Date "2020.05.21"]
[Round "1"]
[White "Karthikchess"]
[Black "SecantFX"]
[Result "1-0"]
[WhiteElo "2526"]
[BlackElo "1922"]
[Annotator "TA"]
[PlyCount "71"]
[EventDate "2020.05.21"]
[EventType "swiss (blitz)"]

{[%evp 9,70,30,62,75,100,65,166,100,121,85,90,53,101,85,131,119,119,125,137,120,165,53,57,58,111,125,773,780,1503,399,387,384,385,362,555,366,523,490,459,453,797,780,654,543,604,589,1775,1378,1412,1018,1711,1041,1019,979,919,897,863,640,646,505,29998,29999,29999]} 1. Nf3 b6 2. g3 Bb7 3. Bg2 c6 4. O-O g6 5. d4 Bg7 {[#]} 6. e4 $146 {A04: Unusual lines after 1 Nf3 and King's Indian Attack.} ({Predecessor:} 6. Bf4 d6 7. c4 e6 8. Nc3 Ne7 9. Qd2 Nd7 10. Rfd1 O-O 11. Bh6 Bxh6 12. Qxh6 Re8 13. e4 {1-0 (13) Stancu,I (1105)-Voicu,P (1001) Calimanesti 2018}) 6... f6 7. Nc3 e6 (7... Nh6 $14) 8. a4 (8. e5 $18) 8... Ne7 $16 9. Be3 O-O 10. Qd2 a5 11. Bh6 Ba6 12. Bxg7 Kxg7 13. Rfe1 $36 {[%mdl 2048] White is in control.} Bb7 14. Rad1 d5 15. exd5 ({White should play} 15. Ne2 $18) 15... exd5 $14 16. Ne2 Ng8 ({Better is} 16... Bc8 $14) 17. Nf4 {Ne6+ is the strong threat.} Qd7 $2 {[%mdl 8192] Now Black is done in.} (17... Bc8 $16) 18. Ne6+ $18 {[%mdl 64] [#] Double Attack} Kf7 19. Nxf8 $2 (19. Qf4 Ke8 {[#]} 20. Nfg5 $1 {[%mdl 576] Back Rank}) 19... Kxf8 20. Qf4 {Threatens to win with Ng5.} Kg7 21. h4 Qf7 (21... Na6 $142 22. Re2 Qc7) 22. h5 Nd7 (22... Na6 {is a better defense.} 23. Bf1 Qc7) 23. hxg6 hxg6 24. Qc7 Bc8 (24... Nf8 $142 25. Qxb6 Ra6) 25. Qxc6 Rb8 26. Nd2 Ne7 27. Qd6 Kf8 28. Bh3 Rb7 29. Nf3 Ne5 30. Bxc8 Nxf3+ 31. Kg2 Nxe1+ 32. Rxe1 Ra7 33. Be6 Qe8 34. Bxd5 Rd7 (34... Kg7 $18 35. Qe6 Qf8 36. Qxb6 Rd7) 35. Qxf6+ Qf7 36. Qxf7# {Accuracy: White = 44%, Black = 20%.} 1-0

[Event "Stay Safe Play From Home 164"]
[Site "T#646228Emanuel Laske"]
[Date "2020.05.21"]
[Round "1"]
[White "Lamborghini"]
[Black "Emresenar"]
[Result "1-0"]
[WhiteElo "2200"]
[BlackElo "1740"]
[Annotator "TA"]
[PlyCount "73"]
[EventDate "2020.05.21"]
[EventType "swiss (blitz)"]

{[%evp 9,73,-37,-24,-61,-58,-62,-60,-60,-20,-22,-27,-22,41,2,9,6,378,0,38,19,70,66,68,59,43,60,57,14,104,107,121,112,138,135,610,185,167,60,840,857,852,874,869,862,870,843,970,900,981,972,1070,1057,2007,1945,1705,1703,1541,1524,5420,5406,29994,29993,29996,1192,29996,1164]} 1. e4 e5 2. Nf3 Nc6 3. Bb5 Bc5 4. b4 Bxb4 5. c3 Ba5 6. O-O {C64: Ruy Lopez: Classical Defence (3...Bc5) except 4 0-0 Nf6.} Nge7 $1 {[#]} 7. d4 $146 ({Predecessor:} 7. Ba3 d6 8. Ng5 O-O 9. Qh5 h6 10. Nh3 Bb6 11. Kh1 Ng6 12. Bc4 Qf6 13. f4 Bxh3 14. Qxh3 Nxf4 {0-1 (38) Kari,N-Urban,M Nuremberg 1990}) 7... exd4 8. cxd4 {Black is slightly better.} O-O 9. d5 Nb8 10. d6 Ng6 (10... cxd6 $11 11. Ba3 a6) 11. Bb2 cxd6 12. Na3 Bb4 $2 {[%mdl 8192] [#]} (12... a6 $11 13. Bd3 Nc6) 13. Nc4 $2 (13. Qd4 $1 $18 {[%csl Gb2][%cal Rd4g7][%mdl 512]} Ne5 14. Qxb4) 13... a6 14. Ba4 $40 {[%mdl 128] Black must now prevent Qd4. White is up to no good.} b5 (14... Bc5 $11 15. Nxd6 Qb6) 15. Qd4 $14 {[%csl Gb2][%cal Rd4g7]} f6 {And now ...Nc6 would win.} 16. Qd5+ {[%mdl 64] Double Attack} Kh8 $1 {[#] ...Nc6 is the strong threat.} 17. Qxa8 Nc6 18. Rad1 {aiming for Bxb5.} ({Reject} 18. a3 Bc5 $15) 18... bxc4 (18... bxa4 $11 19. Ba3 (19. Nxd6 Bxd6 20. Rxd6 Qc7 $17) 19... Bxa3 20. Nxa3 Qc7) 19. Bxc6 $16 dxc6 20. Qxc6 Qd7 21. Qxc4 Qe6 $2 {[%mdl 8192]} (21... a5 $16 22. Nd4 Ne5) 22. Qxe6 $2 (22. Qxb4 a5 23. Qxd6) 22... Bxe6 $18 23. Nd4 ({Better is} 23. a3 $18 Bc5 24. Rd2) 23... Bc5 $2 {[%mdl 8192]} (23... Bc4 $14) 24. Nxe6 Re8 25. Nxc5 dxc5 26. f3 h6 27. Rfe1 Ne5 28. Rd5 Nc4 29. Bc3 Rb8 30. Rxc5 Ne5 31. Bxe5 fxe5 32. Rd1 Kh7 33. h4 Rb2 34. h5 Rxa2 35. Rd7 Rxg2+ 36. Kf1 (36. Kxg2 $142 Kg8 37. Rc8+ Kh7 38. Rdd8 g6 39. Rd7#) 36... Kh8 37. Rc8+ {Accuracy: White = 54%, Black = 31%.} (37. Rd8+ $142 Kh7 38. Kxg2 a5 39. Rxa5 g6 40. Ra7#) 1-0

[Event "Stay Safe Play From Home 164"]
[Site "T#646228Emanuel Laske"]
[Date "2020.05.21"]
[Round "1"]
[White "Lazieri3"]
[Black "Trotsky"]
[Result "1-0"]
[WhiteElo "2124"]
[BlackElo "1510"]
[Annotator "TA"]
[PlyCount "79"]
[EventDate "2020.05.21"]
[EventType "swiss (blitz)"]

{[%evp 9,79,-19,-14,-22,0,0,87,-22,39,-8,6,26,29,-12,87,6,13,33,73,13,34,-194,-52,-202,-208,-365,-339,-897,-394,-921,-853,-837,-802,-1058,-1026,-1850,-1805,-29983,-29983,-29980,-29981,-29976,-29978,-29978,-29973,-29976,-1197,-1127,-1076,-4814,-844,-1219,-935,-1141,-738,-721,-697,-675,-641,-693,-684,-808,-804,-795,-779,-779,-768,-760,-739,-29997,-597,-560]} 1. e4 c5 2. Nc3 e6 3. d3 d5 4. Nf3 Nc6 5. exd5 exd5 6. d4 {B40: Sicilian: 2...e6, Unusual lines.} Be6 {[#]} 7. Bf4 $146 ({Predecessor:} 7. Bb5 Qc7 8. Bxc6+ bxc6 9. O-O Nf6 10. g3 Bd6 11. Bg5 O-O-O 12. dxc5 Bxc5 13. Na4 {0-1 (38) Dos Santos,R (1818)-Ferreira,M (1925) Praia Atalaia 2014}) 7... c4 (7... Nf6 $11) 8. Be2 (8. Bxc4 $1 $16 dxc4 9. d5 {[%mdl 64] Double Attack}) 8... a6 (8... Bd6 $11 9. Bxd6 Qxd6) 9. O-O (9. Bxc4 $5 dxc4 10. d5 $14 {[%mdl 64] Double Attack}) 9... Bd6 10. Bxd6 Qxd6 11. Ng5 h5 (11... Nge7 $11 {remains equal.}) 12. Nxe6 ({White should try} 12. Bxc4 $16 dxc4 13. d5) 12... fxe6 $11 13. Bxh5+ Kd7 {Hoping for ...Nf6.} 14. f4 (14. g3 $16) 14... Nf6 15. Bf3 $2 (15. Be2 $14 {keeps the upper hand.}) 15... g5 (15... Qxf4 $19 16. h3 Qe3+ 17. Kh1 Nxd4) 16. g3 ({Better is} 16. Qd2 $15) 16... gxf4 $19 17. g4 $2 (17. Qd2 fxg3 18. h3) 17... Rag8 {aiming for ...Nxg4!} 18. Kh1 $2 {[#]} (18. Rf2 Rh4 19. Rg2) 18... Rh4 (18... Nxg4 $142 $1 {[%mdl 512]} 19. Bxg4 Rxh2+ $3 {[%mdl 512]} 20. Kg1 Rh4) 19. Rg1 $2 (19. Qd2 Nxg4 20. Bxg4 Rhxg4 21. Na4) 19... Rgh8 {[%csl Gh8][%cal Rh4h2]} 20. Rg2 {[#]} Ne4 $1 {[%mdl 512]} 21. Nxe4 dxe4 22. Bxe4 f3 23. Bxc6+ bxc6 24. Qxf3 Rxh2+ 25. Kg1 Rh1+ 26. Kf2 Rxa1 27. Qf7+ {[#]} Qe7 (27... Kc8 $142 $1 28. Ke2 Qxd4 29. Qxe6+ {[#]} Kd8 $1 {[%mdl 512]} 30. Rf2 Re8 $1 {[%mdl 512]} 31. Qxe8+ Kxe8 32. Rf3 Rg1 33. Re3+ Kd7 $1 {[%mdl 512]} 34. Kf2 Rxg4 35. Ke2 Rg2+ 36. Kf1 Qd2 37. Re7+ Kxe7 38. c3 Qf2#) 28. Qxe7+ Kxe7 29. b3 Rf8+ 30. Kg3 Rh1 31. bxc4 Rg8 32. Kf3 Rh7 33. Ke4 Rf7 34. g5 Rgf8 35. d5 Rf4+ 36. Ke3 cxd5 37. cxd5 exd5 38. g6 Rf3+ 39. Kd4 R8f4+ (39... Kd6 $142 40. Rg4 Rc8 41. Rh4 Rc4#) 40. Kxd5 {[%mdl 32768] Accuracy: White = 22%, Black = 51%. . Sensor Board Error (Ke4/e5)?} 1-0

[Event "Stay Safe Play From Home 164"]
[Site "T#646228Emanuel Laske"]
[Date "2020.05.21"]
[Round "1"]
[White "Castlingarrocco"]
[Black "UHU4"]
[Result "1-0"]
[WhiteElo "2039"]
[BlackElo "1483"]
[Annotator "TA"]
[PlyCount "55"]
[EventDate "2020.05.21"]
[EventType "swiss (blitz)"]

{[%evp 9,55,-88,-85,-98,-100,-179,-132,-122,-112,-108,-55,-43,-19,-28,40,-6,21,-43,45,35,47,0,25,6,26,-57,41,-37,-8,-33,-14,-21,-33,-67,-20,-20,-18,-24,10,0,29,0,0,0,34,0,0,-52]} 1. d4 d5 2. e3 e5 3. f4 e4 {[#]} 4. g3 $146 ({Predecessor:} 4. Bb5+ c6 5. Be2 Nf6 6. Bd2 Bd6 7. Bc3 O-O 8. b4 a6 9. Nd2 b5 10. a4 {0-1 (39) Chugg,M (1318)-Hallwood,R (1544) ICCF email 2018}) 4... Nc6 5. Bg2 f5 6. Ne2 {D00: 1 d4 d5: Unusual lines.} Be6 7. c4 (7. b3 $17) 7... Nf6 8. cxd5 {Black is clearly better.} Nxd5 9. Nbc3 Bb4 (9... Nf6 $17) 10. Bd2 O-O 11. O-O Be7 (11... Nf6 $11) 12. Nxd5 (12. g4 $5) 12... Bxd5 13. Nc3 (13. g4 $11) 13... Bf6 (13... Bc4 $15) 14. Nxd5 $14 Qxd5 15. Bc3 Rad8 16. Qe2 a6 17. Rad1 (17. g4 $11) 17... Na5 ({Black should play} 17... Qxa2 $15 18. g4 g6) 18. h3 (18. b3 $14) 18... Nc4 19. g4 g6 20. gxf5 gxf5 21. Kh1 Rf7 22. Rg1 Rg7 23. h4 Bxh4 24. Bh3 {[#] And now Rxg7+ would win.} Bf6 25. Rxg7+ Bxg7 26. Rg1 Rd7 27. Bf1 {[%mdl 1024] White has compensation.} Nd6 28. Qh2 {[%mdl 32768] Accuracy: White = 49%, Black = 37%. . Loss on time!?} (28. b3 $11) 1-0

[Event "Stay Safe Play From Home 164"]
[Site "T#646228Emanuel Laske"]
[Date "2020.05.21"]
[Round "1"]
[White "Haxhi Baha"]
[Black "Matanant"]
[Result "1-0"]
[WhiteElo "1877"]
[BlackElo "1769"]
[Annotator "NA"]
[PlyCount "57"]
[EventDate "2020.05.21"]
[EventType "swiss (blitz)"]

1. e4 {[%emt 0:00:01]} e5 {[%emt 0:00:01]} 2. Nf3 {[%emt 0:00:01]} d5 {[%emt 0:00:01]} 3. exd5 {[%emt 0:00:01]} e4 {[%emt 0:00:01]} 4. Ne5 {[%emt 0:00:01]} Nf6 {[%emt 0:00:00]} 5. c4 {[%emt 0:00:02]} Bd6 {[%emt 0:00:04]} 6. d4 {[%emt 0:00:02]} exd3 {[%emt 0:00:01]} 7. Nxd3 {[%emt 0:00:01]} O-O {[%emt 0:00:00]} 8. Be2 {[%emt 0:00:00]} Re8 {[%emt 0:00:00]} 9. O-O {[%emt 0:00:01]} Nbd7 {[%emt 0:00:03]} 10. Bg5 {[%emt 0:00:01]} Nc5 {[%emt 0:00:03]} 11. Nc3 {[%emt 0:00:01]} Bf5 {[%emt 0:00:03]} 12. Nxc5 {[%emt 0:00:01]} Bxc5 {[%emt 0:00:01]} 13. Bd3 {[%emt 0:00:01]} Bxd3 {[%emt 0:00:03]} 14. Qxd3 {[%emt 0:00:00]} c6 {[%emt 0:00:00]} 15. a3 {[%emt 0:00:01]} cxd5 {[%emt 0:00:01]} 16. Nxd5 {[%emt 0:00:01]} Be7 {[%emt 0:00:05]} 17. Rfe1 {[%emt 0:00:01]} h6 {[%emt 0:00:04]} 18. Bxf6 {[%emt 0:00:01]} Bxf6 {[%emt 0:00:01]} 19. Rxe8+ {[%emt 0:00:01]} Qxe8 {[%emt 0:00:01]} 20. Nxf6+ {[%emt 0:00:01]} gxf6 {[%emt 0:00:00]} 21. Qg3+ {[%emt 0:00:02]} Kh7 {[%emt 0:00:03]} 22. Qf3 {[%emt 0:00:03]} Qe5 {[%emt 0:00:01]} 23. Rb1 {[%emt 0:00:04]} Rg8 {[%emt 0:00:05]} 24. g3 {[%emt 0:00:03]} f5 {[%emt 0:00:00]} 25. Qxb7 {[%emt 0:00:03]} f4 {[%emt 0:00:01]} 26. Qxf7+ {[%emt 0:00:01]} Rg7 {[%emt 0:00:02]} 27. Qd5 {[%emt 0:00:02]} Qf5 {[%emt 0:00:03]} 28. Qxf5+ {[%emt 0:00:02]} Rg6 {[%emt 0:00:01]} 29. Re1 {[%emt 0:00:02] Matanant resigns (Lag: Av=0.84s, max=1.1s)} 1-0

[Event "Stay Safe Play From Home 164"]
[Site "T#646228Emanuel Laske"]
[Date "2020.05.21"]
[Round "1"]
[White "Klausen"]
[Black "Mepe_Nika"]
[Result "0-1"]
[WhiteElo "1797"]
[BlackElo "2250"]
[Annotator "TA"]
[PlyCount "66"]
[EventDate "2020.05.21"]
[EventType "swiss (blitz)"]

{[%evp 14,66,10,8,91,17,12,20,18,0,7,-18,-18,-20,-14,-14,58,6,33,-54,-45,-39,-49,-47,-28,-35,0,-10,25,46,44,37,52,-18,-8,-8,14,-18,-18,-31,0,0,0,0,0,0,185,186,678,72,69,58,179,63,6411]} 1. Nf3 Nf6 2. d4 d5 3. c4 c6 4. e3 e6 5. Bd3 Nbd7 6. O-O Bd6 7. Qc2 O-O 8. Nbd2 b6 {D30: Queen's Gambit Declined: Systems without Nc3.} (8... e5 $11 9. cxd5 cxd5 10. dxe5 Nxe5) 9. b3 (9. cxd5 $16 cxd5 10. Qc6 {[%mdl 64] Double Attack}) 9... Bb7 $11 10. Bb2 Rc8 {The position is equal.} 11. Ne5 c5 {[#]} 12. Rac1 $146 ({Predecessor:} 12. Rad1 h6 13. f4 cxd4 14. exd4 dxc4 15. bxc4 Nd5 16. Qb3 Nxf4 17. Rxf4 Bxe5 18. Rf2 {0-1 (30) Hess,C (2241)-Van Foreest,J (2551) Stockholm 2016}) 12... cxd4 13. exd4 dxc4 14. bxc4 Bb8 (14... b5 $11) 15. Rfd1 ({White should try} 15. f4 $14) 15... h6 (15... Qe7 {keeps more tension.} 16. Re1 h6 17. Nef3 Bf4 18. Rcd1 Rfd8) 16. Ne4 ({White should play} 16. Nb3 $14) 16... Nxe4 $15 17. Bxe4 Bxe4 18. Qxe4 Nxe5 19. dxe5 Qg5 (19... Qe7 {with more complications.} 20. Qe3 Rfd8 21. Bd4 Qc7 22. g3 Rd7) 20. f4 Qf5 21. Qxf5 exf5 22. Ba3 Rfd8 23. Be7 (23. g3 $14) 23... Rxd1+ $11 24. Rxd1 {[%mdl 4096] Endgame KRB-KRB} Kh7 (24... f6 $5) 25. Bd6 Bxd6 26. exd6 {KR-KR} Kg8 27. Kf2 Kf8 28. Ke3 Rd8 29. Rd5 g6 $2 {[#]} (29... Ke8 $11 {and Black stays safe.}) 30. Kd4 $1 $18 {Strongly threatening c5.} Ke8 $2 {[#]} (30... f6) 31. Ke5 $2 (31. Re5+ $1 $18 Kd7 32. Kd5) 31... Kd7 $16 32. Kf6 Rf8 (32... Rc8 $1 $14) 33. Kg7 (33. g3 $18) 33... f6 $2 {[%mdl 40960] Accuracy: White = 42%, Black = 49%. . Loss on time!?} (33... Rc8 $14) 0-1

[Event "Stay Safe Play From Home 164"]
[Site "T#646228Emanuel Laske"]
[Date "2020.05.21"]
[Round "1"]
[White "Haris kollari 13"]
[Black "SoulofWolf"]
[Result "0-1"]
[WhiteElo "1705"]
[BlackElo "2151"]
[Annotator "NA"]
[PlyCount "54"]
[EventDate "2020.05.21"]
[EventType "swiss (blitz)"]

1. e4 {[%emt 0:00:01]} e6 {[%emt 0:00:00]} 2. Nf3 {[%emt 0:00:01]} c5 {[%emt 0:00:00]} 3. d4 {[%emt 0:00:02]} a6 {[%emt 0:00:00]} 4. dxc5 {[%emt 0:00:02]} Bxc5 {[%emt 0:00:01]} 5. Nc3 {[%emt 0:00:00]} b5 {[%emt 0:00:00]} 6. Be3 {[%emt 0:00:03]} Bb4 {[%emt 0:00:01]} 7. Bd3 {[%emt 0:00:02]} Bb7 {[%emt 0:00:00]} 8. O-O {[%emt 0:00:03]} Nc6 {[%emt 0:00:00]} 9. Bd2 {[%emt 0:00:04]} Qc7 {[%emt 0:00:01]} 10. a3 {[%emt 0:00:01]} Be7 {[%emt 0:00:01]} 11. Re1 {[%emt 0:00:03]} Nf6 {[%emt 0:00:00]} 12. h3 {[%emt 0:00:02]} d6 {[%emt 0:00:02]} 13. Qe2 {[%emt 0:00:01]} O-O {[%emt 0:00:01]} 14. Rad1 {[%emt 0:00:01]} b4 {[%emt 0:00:02]} 15. axb4 {[%emt 0:00:02]} Nxb4 {[%emt 0:00:00]} 16. Qe3 {[%emt 0:00:04]} e5 {[%emt 0:00:07]} 17. g4 {[%emt 0:00:06]} g6 {[%emt 0:00:02]} 18. Nh2 {[%emt 0:00:03]} Rfe8 {[%emt 0:00:05]} 19. f4 {[%emt 0:00:02]} Nc6 {[%emt 0:00:02]} 20. f5 {[%emt 0:00:01]} Nd4 {[%emt 0:00:01]} 21. g5 {[%emt 0:00:03]} Nh5 {[%emt 0:00:02]} 22. f6 {[%emt 0:00:01]} Bf8 {[%emt 0:00:02]} 23. Ne2 {[%emt 0:00:02]} Ne6 {[%emt 0:00:03]} 24. Ng3 {[%emt 0:00:03]} Nhf4 {[%emt 0:00:02]} 25. Ngf1 {[%emt 0:00:04]} d5 {[%emt 0:00:03]} 26. exd5 {[%emt 0:00:02]} Nxd5 {[%emt 0:00:01]} 27. Qg3 {[%emt 0:00:01]} Bd6 {[%emt 0:00:03] Time (Lag: Av=0.44s, max=0.9s)} 0-1

[Event "Stay Safe Play From Home 164"]
[Site "T#646228Emanuel Laske"]
[Date "2020.05.21"]
[Round "1"]
[White "Justwatch"]
[Black "Sfantul321"]
[Result "0-1"]
[WhiteElo "1689"]
[BlackElo "2007"]
[Annotator "NA"]
[PlyCount "128"]
[EventDate "2020.05.21"]
[EventType "swiss (blitz)"]

1. e4 {[%emt 0:00:10]} d5 {[%emt 0:00:00]} 2. exd5 {[%emt 0:00:01]} Qxd5 {[%emt 0:00:01]} 3. Nc3 {[%emt 0:00:00]} Qd8 {[%emt 0:00:00]} 4. d4 {[%emt 0:00:00]} Bf5 {[%emt 0:00:01]} 5. Be3 {[%emt 0:00:00]} e6 {[%emt 0:00:01]} 6. Nf3 {[%emt 0:00:00]} Bg4 {[%emt 0:00:01]} 7. Bd3 {[%emt 0:00:00]} Nc6 {[%emt 0:00:01]} 8. Bf1 {[%emt 0:00:00]} Nf6 {[%emt 0:00:02]} 9. Be2 {[%emt 0:00:00]} Bb4 {[%emt 0:00:02]} 10. h3 {[%emt 0:00:00]} Bxf3 {[%emt 0:00:01]} 11. Bxf3 {[%emt 0:00:01]} O-O {[%emt 0:00:00]} 12. O-O {[%emt 0:00:01]} Nd5 {[%emt 0:00:01]} 13. Nxd5 {[%emt 0:00:01]} exd5 {[%emt 0:00:01]} 14. c3 {[%emt 0:00:00]} Bd6 {[%emt 0:00:01]} 15. Qa4 {[%emt 0:00:00]} a6 {[%emt 0:00:01]} 16. Qc2 {[%emt 0:00:00]} Be7 {[%emt 0:00:01]} 17. Bg4 {[%emt 0:00:01]} g6 {[%emt 0:00:01]} 18. Bh6 {[%emt 0:00:02]} Re8 {[%emt 0:00:01]} 19. f4 {[%emt 0:00:01]} Bf6 {[%emt 0:00:02]} 20. Qf2 {[%emt 0:00:02]} Bg7 {[%emt 0:00:01]} 21. Bxg7 {[%emt 0:00:01]} Kxg7 {[%emt 0:00:01]} 22. f5 {[%emt 0:00:00]} Qf6 {[%emt 0:00:02]} 23. fxg6 {[%emt 0:00:01]} Qxf2+ {[%emt 0:00:01]} 24. Rxf2 {[%emt 0:00:00]} fxg6 {[%emt 0:00:00]} 25. Bd7 {[%emt 0:00:03]} Re7 {[%emt 0:00:01]} 26. Bxc6 {[%emt 0:00:01]} bxc6 {[%emt 0:00:00]} 27. Raf1 {[%emt 0:00:01]} Rb8 {[%emt 0:00:01]} 28. b3 {[%emt 0:00:02]} a5 {[%emt 0:00:01]} 29. Rf3 {[%emt 0:00:01]} Kh6 {[%emt 0:00:02]} 30. R1f2 {[%emt 0:00:02]} Rbe8 {[%emt 0:00:01]} 31. Rf7 {[%emt 0:00:02]} Re1+ {[%emt 0:00:02]} 32. Rf1 {[%emt 0:00:02]} R1e7 {[%emt 0:00:02]} 33. R7f2 {[%emt 0:00:01]} Re2 {[%emt 0:00:02]} 34. Rxe2 {[%emt 0:00:01]} Rxe2 {[%emt 0:00:01]} 35. Rf2 {[%emt 0:00:00]} Re1+ {[%emt 0:00:01]} 36. Kh2 {[%emt 0:00:00]} Rc1 {[%emt 0:00:01]} 37. Rf3 {[%emt 0:00:02]} Rc2 {[%emt 0:00:00]} 38. a4 {[%emt 0:00:01]} Rb2 {[%emt 0:00:01]} 39. c4 {[%emt 0:00:01]} dxc4 {[%emt 0:00:01]} 40. bxc4 {[%emt 0:00:01]} Rc2 {[%emt 0:00:01]} 41. c5 {[%emt 0:00:02]} Rc4 {[%emt 0:00:01]} 42. Rf6 {[%emt 0:00:02]} Rxd4 {[%emt 0:00:01]} 43. Rxc6 {[%emt 0:00:00]} Rxa4 {[%emt 0:00:01]} 44. Rxc7 {[%emt 0:00:00]} Rc4 {[%emt 0:00:00]} 45. Ra7 {[%emt 0:00:00]} a4 {[%emt 0:00:01]} 46. c6 {[%emt 0:00:01]} Rxc6 {[%emt 0:00:01]} 47. Rxa4 {[%emt 0:00:00]} Kg5 {[%emt 0:00:01]} 48. Rg4+ {[%emt 0:00:01]} Kh6 {[%emt 0:00:01]} 49. Rg3 {[%emt 0:00:00]} Kg7 {[%emt 0:00:00]} 50. Re3 {[%emt 0:00:01]} g5 {[%emt 0:00:01]} 51. Rg3 {[%emt 0:00:00]} Kf6 {[%emt 0:00:01]} 52. Rc3 {[%emt 0:00:00]} Rxc3 {[%emt 0:00:02]} 53. h4 {[%emt 0:00:01]} g4 {[%emt 0:00:01]} 54. h5 {[%emt 0:00:02]} Kf5 {[%emt 0:00:01]} 55. Kg1 {[%emt 0:00:01]} Kf4 {[%emt 0:00:01]} 56. Kf1 {[%emt 0:00:00]} Rc2 {[%emt 0:00:01]} 57. Ke1 {[%emt 0:00:01]} Kg3 {[%emt 0:00:01]} 58. Kd1 {[%emt 0:00:00]} Ra2 {[%emt 0:00:01]} 59. Kc1 {[%emt 0:00:01]} Kxg2 {[%emt 0:00:00]} 60. Kb1 {[%emt 0:00:01]} Rf2 {[%emt 0:00:00]} 61. Kc1 {[%emt 0:00:00]} g3 {[%emt 0:00:00]} 62. Kd1 {[%emt 0:00:00]} Kf3 {[%emt 0:00:00]} 63. Ke1 {[%emt 0:00:00]} g2 {[%emt 0:00:00]} 64. Kd1 {[%emt 0:00:01]} g1=Q# {[%emt 0:00:00] (Lag: Av=0.26s, max=0.6s)} 0-1

[Event "Stay Safe Play From Home 164"]
[Site "T#646228Emanuel Laske"]
[Date "2020.05.21"]
[Round "1"]
[White "Mandy"]
[Black "Toosieslide"]
[Result "0-1"]
[WhiteElo "902"]
[BlackElo "2250"]
[Annotator "TA"]
[PlyCount "48"]
[EventDate "2020.05.21"]
[EventType "swiss (blitz)"]

{[%evp 15,48,-4,28,-282,-252,-290,-252,-245,-235,-290,-261,-248,-210,-320,-166,-729,-689,-697,-700,-692,-653,-719,-722,-818,-797,-957,-834,-867,-868,-860,-871,-937,-938,-930,-921]} 1. d4 d5 2. Bf4 Nf6 3. e3 c5 4. c3 Nc6 5. Nd2 e6 6. Bd3 Bd6 7. Bg3 O-O 8. Ngf3 cxd4 {[#]} 9. Kf1 $146 {[%mdl 8192] [#] D02: 1 d4 d5 2 Nf3 sidelines, including 2...Nf6 3 g3 and 2...Nf6 3 Bf4.} (9. exd4 $11 Bxg3 10. hxg3) ({Predecessor:} 9. exd4 Qc7 10. Qe2 b6 11. Bxd6 Qxd6 12. Ne5 Qc7 13. f4 Ne8 14. O-O f5 15. Nxc6 Qxc6 16. Bb5 Qd6 17. Bxe8 Rxe8 {1-0 (55) Van den Doel,E (2557)-Dubiel,J (2423) Bad Homburg 2016}) 9... dxe3 10. fxe3 Qc7 11. Qe2 {Black has a decisive advantage.} h6 12. e4 Bxg3 13. hxg3 Qxg3 14. Kg1 (14. e5 $142 Ng4 15. Rh3) 14... dxe4 (14... Qc7 $142 {aiming for ...Qb6+.} 15. Kf1 Ng4) 15. Nf1 $2 (15. Nxe4 Nxe4 16. Qxe4) 15... exf3 {Black is clearly winning.} 16. Nxg3 fxe2 17. Kf2 {[#]} e1=Q+ $1 18. Kxe1 (18. Raxe1 Rd8) 18... b6 19. Bc4 Bb7 20. Ne2 Rad8 21. Bb5 a6 22. Bxc6 Bxc6 23. Rd1 Rxd1+ 24. Kxd1 Bxg2 {White did not feel at home in the position after the opening. Accuracy: White = 12%, Black = 45%.} 0-1

[Event "Stay Safe Play From Home 164"]
[Site "T#646228Emanuel Laske"]
[Date "2020.05.21"]
[Round "2"]
[White "Toosieslide"]
[Black "Karthikchess"]
[Result "0-1"]
[WhiteElo "2250"]
[BlackElo "2527"]
[Annotator "TA"]
[PlyCount "132"]
[EventDate "2020.05.21"]
[EventType "swiss (blitz)"]

{[%evp 18,131,14,14,19,25,20,20,27,10,2,0,0,0,6,-8,0,-43,-36,-31,0,-33,-27,-33,-6,-4,-6,-13,-10,-27,-15,-50,-14,-26,-16,-21,-25,-83,-20,-120,-61,-82,-82,-182,-187,-142,-90,-90,-52,-52,-52,-93,-90,-99,-101,-102,-92,-97,-90,-95,-90,-128,-112,-173,-147,-340,-319,-595,-495,-565,-565,-554,-466,-511,-473,-674,-668,-691,-691,-667,-666,-523,0,-661,-660,-648,-632,-598,-593,-1253,-1025,-1730,-1638,-1320,-1463,-5775,-1377,-29992,-29993,-29995,-29994,-29995,-29994,-29995,-29994,-29995,-29995,-29996,-29996,-29997,-29998,-29998,-29998,-29998,-29999,-29999]} 1. d4 Nf6 2. c4 e6 3. Nc3 Bb4 4. e3 O-O 5. Bd3 d5 6. Nf3 dxc4 7. Bxc4 c5 8. O-O Nc6 9. a3 Ba5 10. Qd3 cxd4 {E56: Nimzo-Indian: Rubinstein: Main Line: 7...Nc6.} 11. exd4 {[#]} Bb6 $146 {[%cal Rc6d4]} ({Predecessor:} 11... h6 12. Bf4 Bxc3 13. bxc3 b6 14. Ba2 Bb7 15. Rfe1 Rc8 16. Rac1 Re8 17. h3 a6 18. a4 {0-1 (39) Moroni,L (2567)-Anton Guijarro,D (2642) Moscow 2019}) 12. Be3 h6 {The position is equal.} 13. Rac1 Ne7 14. Rfd1 Bd7 15. Ne5 Bc6 16. Nxc6 Nxc6 17. d5 Ne5 18. Qe2 Nxc4 (18... Bxe3 {is more complex.} 19. fxe3 Nxc4 20. Qxc4 Qb6 21. Qe2 Rfd8) 19. Qxc4 (19. dxe6 {keeps more tension.} Qc8 20. exf7+ Rxf7 21. Nb5 Bxe3 22. fxe3 Qe6 23. Rxc4 Nd5 24. Nd6) 19... Bxe3 20. fxe3 exd5 (20... Qb6 {with more complications.} 21. Qe2 Rad8 22. dxe6 Qxe6 23. h3 Rc8) 21. Nxd5 Nxd5 22. Qxd5 Qe7 23. Qf3 Rad8 24. b4 Rfe8 25. Rxd8 Rxd8 $11 {[%mdl 4096] Endgame KQR-KQR} 26. h3 g6 27. Kh1 (27. Qg3 $11 {remains equal.}) 27... Kg7 (27... Rd3 $1 $17 28. Qf4 Qxe3 29. Qxe3 Rxe3) 28. Rf1 {[#]} (28. e4 $11) 28... Rd7 ({Better is} 28... Rd3 $1 $17 29. a4 Rxe3) 29. e4 Qe5 30. Qf4 (30. g4 $17) 30... Qxf4 $19 31. Rxf4 {KR-KR} Rd1+ ({Black should try} 31... Rd3 32. Rf3 Rd4) 32. Kh2 $17 Ra1 33. Rf3 Re1 34. Rf4 {Black converts the advantage convincingly.} Re3 35. Rf3 Rxe4 36. Rc3 Re7 37. Kg3 f5 38. Kf3 Kf6 39. g4 fxg4+ 40. hxg4 (40. Kxg4 $17 {was worth a try.} h5+ 41. Kf3) 40... Kg5 41. Rc5+ $2 (41. Kg3 $17) 41... Kh4 $19 42. Rc1 $2 (42. Rd5 {was called for.}) 42... Rf7+ 43. Ke4 Kxg4 44. Rg1+ Kh5 45. Rh1+ Kg5 46. Ke5 (46. Rg1+ $142 Kf6 47. Rd1) 46... Re7+ 47. Kd6 Re3 48. Rg1+ Kf5 49. Rf1+ Kg5 50. Rg1+ Kf6 51. Rf1+ {[#]} Kg7 $1 52. a4 Re4 53. Kc7 Rxb4 54. a5 Rb5 55. Re1 Rxa5 56. Kxb7 Kf6 57. Re7 Kxe7 {KR-K. Black mates.} 58. Kb8 Re5 59. Ka8 a5 60. Kb8 a4 61. Ka7 a3 62. Kb8 a2 63. Kb7 a1=Q 64. Kc6 Qc3+ 65. Kb7 Rb5+ 66. Ka6 Qa5# {Accuracy: White = 46%, Black = 73%.} 0-1